LEADER 01230nam a2200277 u 4500 001 000000040733 003 CaOOAMICUS 005 20070226114132.0 008 980529s1966 it u000 u ita u 035 $a10797026 040 $aPUL(R)$bita 100 1 $aBerlinguer, Luigi.$0(OLS)http://pul/name/30028 245 10$aDomenico Alberto Azuni :$bgiurista e politico (1749-1827) : un contributo bio-bibliografico /$cLuigi Berlinguer. 260 $aMilano :$bA. Giuffrè,$c1966. 300 $axiv, 291 p. ;$c24 cm 490 1 $aQuaderni di "Studi senesi" ;$v17 500 $a"Indice dei nomi": pp. [285]-291. 504 $aBibliografia in nota. 600 14$aAzuni, Domenico Alberto,$d1760-1827.$0(OLS)http://pul/subject/18382 830 0$aQuaderni di "Studi senesi" ;$v17.$0(OLS)http://pul/title/2887 850 $aPUL 852 $aPUL$W1$xSL Diritto e Scienze Sociali 1$y4$m181 H 8$j55323$nBK-PRI$b $qStampati$B55323$CPULBib$Z2$F55323 $H $81 941 1 $a8 961 $aINV: 50904 996 $6245$aDomenico Alberto Azuni :$bgiurista e politico (1749-1827) : un contributo bio-bibliografico$9(OLS)http://pul/title/54912 996 $6260$aMilano :$bA. Giuffrè$9(OLS)http://pul/publisher/48096 LEADER 01341nam a2200289 u 4500 001 000000078355 003 CaOOAMICUS 005 20070226123424.0 008 040420s1978 it u000 u spa u 035 $a10991142 040 $aPUL(R)$bita 100 1 $aOrge, Manuel.$0(OLS)http://pul/name/52145 245 13$aLa cruz en la carta de San Pablo a los galatas :$bestudio de teología bíblica /$cManuel Orge .. 260 $aRoma :$bPontificia Università Lateranense,$c1978. 300 $a90 p. ;$c25 cm 500 $aIn testa al front.: Pontificia Universitas lateranensis. Tesis de laurea en s. theologia. 500 $aSul front.: Extracto de la tesis. 502 $aDiss. -- Pontificia università Lateranense. 504 $aBibliografia in nota. 630 04$aBiblia.$pN.T.$pAd Galatas.$0(OLS)http://pul/subject/19957 650 4$aCroce.$0(OLS)http://pul/subject/849 850 $aPUL 852 $aPUL$W1$xDP1 Tesi Pon Univ. Lateranense$y41$mTH PUL.THEOL 300$j100504$nBK-PRI$b $qTesi$B100504$CPULBib$Z2$F100504 $HPUL47111 $81 941 1 $a16 960 $aTeologia della croce$9849 996 $6245$aLa cruz en la carta de San Pablo a los galatas :$bestudio de teología bíblica$9(OLS)http://pul/title/102664 996 $6260$aRoma :$bPontificia Università Lateranense$9(OLS)http://pul/publisher/47963